Trouvez ces groupes angolophones traduit en français! #1 - Statistiques

Statistiques générales
  • Ce quiz a été pris 130 fois
  • Le résultat moyen est 5 sur 15
Statistiques - réponses
Nom traduit Nom original % Correct
Fantôme Ghost
89%
Prends ça Take That
67%
Panique! A La Disco Panic! At The Disco
64%
L'Utilisé The Used
54%
Ma Romance Chimique My Chemical Romance
38%
Les Garçons De La Rue De Derrière Backstreet Boys
36%
Parcs D'Eau Waterparks
36%
Système D'Une Coupure System Of A Down
35%
Ramène Moi L'Horizon Bring Me The Horizon
31%
Mauvais Présages Bad Omens
9%
Dormir Avec Les Sirènes Sleeping With Sirens
8%
Garçon Radio-Actif Fall Out Boy
5%
Percer Le Voile Pierce The Veil
4%
Sans mouvement En Blanc Motionless In White
3%
Neuf Meurtres De Glace Ice Nine Kills
2%
Aucun quiz correspondant
Distribution des résultats
% des personnes avec chaque résultat
Percentile par nombre de réponses
Votre historique - résultats
Vous n’avez pas pris ce quiz